000 01302nam a22002537a 4500
005 20100805114727.0
010 _aHIN-89993
020 _a8188607150
_c175.00
035 _aHN-62339
037 _bDBAD / VEN
082 _a
100 _aबनफूल
_924823
245 _aये ही हैं /
_cबनफूल;ममता खरे द्वारा अनुवादित
246 _aYe Hi Hain
_bby Banphool;Translated by Mamta Khare
260 _aदिल्ली
_bरीमा एण्ड कम्पनी
_c2010
270 _a30/22ए, प्रथम तल, गली नं.-9, विश्वास नगर
_bदिल्ली
_e110032
300 _a119पृ.
_c22सेमी (सजिल्द)
650 _bहिन्दी कथा साहित्य
_9657
650 _bHindi Katha Sahitya
_9658
700 _95361
_aखरे, ममता
942 _2ddc
_cHN
_h
_mबनफू
999 _c39387
_d39387